| 000 | 01137nam a22003375a 4500 | ||
|---|---|---|---|
| 999 |
_c234272 _d234272 |
||
| 001 | 193408 | ||
| 003 | Nust | ||
| 005 | 20170316163741.0 | ||
| 008 | 980820r19981925ii ab 001 0aeng | ||
| 010 | _a 98905016 | ||
| 020 | _a8120610571 | ||
| 025 | _aI-E-98-905016; 55 | ||
| 037 |
_bLibrary of Congress -- New Delhi Field Office _cRs995.00 |
||
| 040 |
_aDLC _cDLC |
||
| 041 | 1 |
_aeng _hswe |
|
| 042 | _alcode | ||
| 043 |
_aa------ _ae-sw--- |
||
| 082 |
_a915.043 _bHED |
||
| 100 | 1 |
_aHedin, Sven Anders, _d1865-1952. |
|
| 245 | 1 | 0 |
_aMy life as an explorer / _cSven Hedin ; illustrated by the author ; translated by Alfhild Huebech. |
| 260 |
_aNew Delhi : _bAsian Educational Services, _c1998. |
||
| 300 |
_axi, 544 p. : _bill., maps ; _c25 cm. |
||
| 500 | _aReprint. Originally published: Garden City, N.Y. : Garden City Pub. Co., 1925. | ||
| 500 | _aIncludes index. | ||
| 600 | 1 | 0 |
_aHedin, Sven Anders, _d1865-1952. |
| 650 | 0 |
_aExplorers _zSweden _xBiography. |
|
| 651 | 0 |
_aAsia _xDescription and travel. |
|
| 906 |
_a7 _bibc _corigode _d5 _encip _f19 _gy-gencatlg |
||
| 942 |
_2ddc _cBK |
||